Mathematics for computer graphics / (Record no. 194585)

MARC details
000 -LEADER
fixed length control field 00646nam a2200229Ia 4500
003 - CONTROL NUMBER IDENTIFIER
control field OSt
005 - DATE AND TIME OF LATEST TRANSACTION
control field 20260325105515.0
008 - FIXED-LENGTH DATA ELEMENTS--GENERAL INFORMATION
fixed length control field 210716s2011 xx 000 0 und d
020 ## - INTERNATIONAL STANDARD BOOK NUMBER
International Standard Book Number 9788184897562
040 ## - CATALOGING SOURCE
Transcribing agency AIMIT LIBRARY
041 ## - LANGUAGE CODE
Language code of text/sound track or separate title eng
082 ## - DEWEY DECIMAL CLASSIFICATION NUMBER
Classification number 511.3
Edition number 2
Item number VINJ
100 ## - MAIN ENTRY--PERSONAL NAME
Personal name Vince, John.
9 (RLIN) 259252
245 ## - TITLE STATEMENT
Title Mathematics for computer graphics /
Statement of responsibility, etc. By John Vince.
250 ## - EDITION STATEMENT
Edition statement 3st ed.
260 ## - PUBLICATION, DISTRIBUTION, ETC.
Place of publication, distribution, etc. New Delhi :
Name of publisher, distributor, etc. Springer ,
Date of publication, distribution, etc. 2011.
300 ## - PHYSICAL DESCRIPTION
Extent xv,293p. ;
Other physical details PB
Dimensions 23.3 cm
650 ## - SUBJECT ADDED ENTRY--TOPICAL TERM
Topical term or geographic name entry element Trigonometry
9 (RLIN) 259253
650 ## - SUBJECT ADDED ENTRY--TOPICAL TERM
Topical term or geographic name entry element Curves and patches
9 (RLIN) 259254
650 ## - SUBJECT ADDED ENTRY--TOPICAL TERM
Topical term or geographic name entry element Geometric algebra
9 (RLIN) 259255
942 ## - ADDED ENTRY ELEMENTS (KOHA)
Source of classification or shelving scheme Dewey Decimal Classification
Koha item type Book
Edition 3rd
Call number prefix 511.3 VINJ
Holdings
Withdrawn status Lost status Source of classification or shelving scheme Damaged status Not for loan Collection code Home library Current library Source of acquisition Cost, normal purchase price Inventory number Total Checkouts Full call number Barcode Date last seen Cost, replacement price Price effective from Koha item type
    Dewey Decimal Classification     MCA St Aloysius Institute of Management & Information Technology St Aloysius Institute of Management & Information Technology Knowledge World 645.00 Billno:445;Billdt:2015-03-20   511.3 VINJ MCA14093 05/23/2026 483.75 07/16/2021 Book